MARC details
| 000 -CABECERA |
| campo de control de longitud fija |
01545nam a2200241 a 4500 |
| 001 - NÚMERO DE CONTROL |
| campo de control |
000027567 |
| 003 - IDENTIFICADOR DEL NÚMERO DE CONTROL |
| campo de control |
DO-SdBNP |
| 005 - FECHA Y HORA DE LA ÚLTIMA TRANSACCIÓN |
| campo de control |
20240927073748.0 |
| 008 - DATOS DE LONGITUD FIJA--INFORMACIÓN GENERAL |
| campo de control de longitud fija |
110401t1976 sp 001 0dspa d |
| 040 ## - FUENTE DE LA CATALOGACIÓN |
| Centro catalogador/agencia de origen |
DO-SdBNP |
| Lengua de catalogación |
spa |
| Centro/agencia transcriptor |
BNPHU |
| 082 ## - NÚMERO DE LA CLASIFICACIÓN DECIMAL DEWEY |
| Número de clasificación |
972.9304 |
| Número de documento/Ítem |
S211a |
| 100 1# - ENTRADA PRINCIPAL--NOMBRE DE PERSONA |
| Nombre de persona |
Sánchez, Rafael Augusto, |
| Fechas asociadas al nombre |
1891-1964 |
| 9 (RLIN) |
54661 |
| 245 10 - MENCIÓN DE TÍTULO |
| Título |
Al cabo de los cien años : |
| Resto del título |
tentativa de una justificación histórica / |
| Mención de responsabilidad, etc. |
Rafael Augusto Sánchez ; prólogo Joaquín Balaguer. |
| 260 ## - PUBLICACIÓN, DISTRIBUCIÓN, ETC. |
| Lugar de publicación, distribución, etc. |
Barcelona, España : |
| Nombre del editor, distribuidor, etc. |
Gráficas Manuel Pareja, |
| Fecha de publicación, distribución, etc. |
1976. |
| 300 ## - DESCRIPCIÓN FÍSICA |
| Extensión |
328 p. : |
| Otras características físicas |
retr. ; |
| Dimensiones |
23 cm. |
| 505 0# - NOTA DE CONTENIDO CON FORMATO |
| Información miscelánea |
Palabras liminares / |
| Mención de responsabilidad |
Joaquín Balaguer -- |
| Título |
Introducción -- |
| -- |
Los antecedentes -- |
| -- |
Antecedentes económicos, geográficos i biológicos -- |
| -- |
La reconquista -- |
| -- |
El movimiento de Núñez de Cáceres -- |
| -- |
Antecedentes étnicos e históricos -- |
| -- |
La separación -- |
| -- |
La república de los separatistas -- |
| -- |
En vísperas de la anexión -- |
| -- |
La restauración -- |
| -- |
La república de los restauradores -- |
| -- |
La concepción dominicana del Estado -- |
| -- |
Otros factores adversos -- |
| -- |
La independencia prematura -- |
| -- |
El rasero social (igualdad infecunda) -- |
| -- |
La sobriedad dominicana -- |
| -- |
La desorientación -- |
| -- |
Una posibilidad y una esperanza. |
| 590 ## - NOTA LOCAL (RLIN) |
| Nota local |
Inventariado, 2020/VM |
| 651 14 - PUNTO DE ACCESO ADICIONAL DE MATERIA--NOMBRE GEOGRÁFICO |
| Nombre geográfico |
República Dominicana |
| Subdivisión general |
Historia |
| Subdivisión cronológica |
Independencia efímera, 1821 |
| 9 (RLIN) |
54662 |
| 651 14 - PUNTO DE ACCESO ADICIONAL DE MATERIA--NOMBRE GEOGRÁFICO |
| Nombre geográfico |
República Dominicana |
| Subdivisión general |
Historia |
| Subdivisión cronológica |
Ocupación haitiana, 1822-1844 |
| 9 (RLIN) |
7666 |
| 700 1# - PUNTO DE ACCESO ADICIONAL--NOMBRE DE PERSONA |
| Nombre de persona |
Balaguer, Joaquín, |
| Fechas asociadas al nombre |
1906-2002 |
| Término indicativo de función/relación |
pról. |
| 9 (RLIN) |
76556 |
| 910 ## - DATOS DE OPCIÓN DEL USUARIO (OCLC) |
| Datos de opción del usuario |
Validado. Control de calidad EMS. |
| 942 ## - ELEMENTOS DE PUNTO DE ACCESO ADICIONAL (KOHA) |
| Fuente del sistema de clasificación o colocación |
Dewey Decimal Classification |
| Tipo de ítem Koha |
Libro |